Statystyki dla Uchodźcy w Polsce

Kliknij tutaj aby rozwiązać quiz!

Ogólne statystyki

  • Ten quiz został rozwiązany 66 razy
  • Średni wynik to 9 z 15

Statystyki odpowiedzi

L.p.LiczbaPaństwo% Poprawnych
4433Ukraina
98%
13632Białoruś
87%
21139Rosja
87%
967Irak
75%
1045Iran
70%
6172Syria
69%
5247Turcja
66%
3716Afganistan
56%
887Kazachstan
52%
1235Egipt
49%
1329Pakistan
46%
1426Libia
36%
7118Tadżykistan
31%
1524Jemen
28%
1145Turkmenistan
28%

Rozkład punktacji

Percentyl według liczby udzielonych odpowiedzi

Procent ludzi z każdym wynikiem

Twoja historia wyników

Nie rozwiązałeś tego quizu